🎶 Paroles "Des gens beaux" Grand Corps Malade - Statistiques

Statistiques générales
  • Ce quiz a été pris 33 fois
  • Le résultat moyen est 296 sur 382
Statistiques - réponses
Mots % Correct
Brassens
100%
de
100%
des
100%
Des
100%
[Des
100%
Edith
100%
gens
100%
Hey,
100%
Hey
100%
J'
100%
j'
100%
s'
100%
S'
100%
a
94%
à
94%
A
94%
Aznavour
94%
beau,
94%
beau
94%
beaux
94%
beaux]
94%
beaux...
94%
c'
94%
C'
94%
Charles
94%
es
94%
est-
94%
est
94%
l'
94%
L'
94%
Mais
94%
Mais,
94%
n'
94%
nous
94%
Nous
94%
[On
94%
on
94%
On
94%
[on
94%
ou
94%
94%
94%
Piaf
94%
suis
94%
un
94%
ce
89%
elle
89%
Elle
89%
Hoshi
89%
il
89%
[Il
89%
Il
89%
la
89%
le
89%
pas
89%
qu'
89%
Qu'
89%
sur
89%
sûr
89%
te
89%
avait
83%
Ces
83%
cette
83%
du
83%
et
83%
fille,
83%
Je
83%
les
83%
Les
83%
ont
83%
poster
83%
que
83%
qui
83%
se
83%
ses
83%
veut,
83%
veut
83%
chambre,
78%
chansons
78%
chansons?
78%
dans
78%
écoute
78%
filles
78%
garçons
78%
grand
78%
mecs
78%
Moi,
78%
paroles
78%
paroles,
78%
petit
78%
Pour
78%
talent
78%
talent ?
78%
toi
78%
très
78%
Tu
78%
tu
78%
veux
78%
votre
78%
vous
78%
vous?
78%
Au
72%
belles
72%
chanteur
72%
donne
72%
en
72%
faut
72%
Faut
72%
Ne
72%
sont
72%
tes
72%
Avec
67%
ceux
67%
chanteurs
67%
compensés
67%
époque
67%
guitare
67%
guitare,
67%
musicale
67%
peu
67%
plaît,
67%
plus
67%
sublime
67%
sublimes ?
67%
sublimes]
67%
talons
67%
voir
67%
voix,
67%
bien
61%
critères
61%
jambes
61%
magazines
61%
podiums
61%
Quand
61%
sais
61%
ton
61%
va
61%
abdominaux
56%
allait
56%
aux
56%
brillant
56%
couilles,
56%
dalle
56%
doit
56%
donner
56%
écouter
56%
élancées
56%
mâles
56%
Monsieur,
56%
monsieur,
56%
papier
56%
perdu
56%
petits
56%
retour
56%
saches
56%
tous
56%
accablants?
50%
affiche
50%
défiler
50%
effrayante
50%
fiche
50%
glacé
50%
grain
50%
grandes
50%
gratteurs
50%
joli
50%
marques
50%
notion
50%
Possédait
50%
taire
50%
bimbos
44%
blanc,
44%
celui
44%
gueules
44%
mettez
44%
noir
44%
nostalgique
44%
parfois,
44%
passé
44%
persuadé
44%
propre,
44%
remplir
44%
sera
44%
sortir
44%
succès
44%
aujourd'hui
39%
Aujourd'hui,
39%
compositeurs,
39%
correspondre
39%
écrire
39%
forcément
39%
grattent
39%
heures
39%
imposteurs
39%
lisse,
39%
Pouvait
39%
retourner
39%
secret
39%
tripes,
39%
auteurs,
33%
foutus,
33%
important
33%
jouent
33%
piano]
33%
réussissent,
33%
vraiment
33%
négligé
28%
rôle
22%
carrière
17%
font
17%
lançait
17%
Enfin,
11%
Aucun quiz correspondant
Distribution des résultats
% des personnes avec chaque résultat
Percentile par nombre de réponses
Votre historique - résultats
Vous n’avez pas pris ce quiz